OCP Oracle Database 10g/ (Record no. 62831)

MARC details
000 -LEADER
fixed length control field 00448nam a22001457a 4500
005 - DATE AND TIME OF LATEST TRANSACTION
control field 2012021408108.0
020 ## - INTERNATIONAL STANDARD BOOK NUMBER
International Standard Book Number 0070598673
Terms of availability 000.00
035 ## - SYSTEM CONTROL NUMBER
System control number B-189942
037 ## - SOURCE OF ACQUISITION
Stock number DPL
Source of stock number/acquisition ENG
100 ## - MAIN ENTRY--PERSONAL NAME
Personal name Alapati,Sam R
245 ## - TITLE STATEMENT
Title OCP Oracle Database 10g/
Statement of responsibility, etc by Alex Lukatsky
Remainder of title New Administrators Exam Guide
260 ## - PUBLICATION, DISTRIBUTION, ETC. (IMPRINT)
Place of publication, distribution, etc New Delhi
Name of publisher, distributor, etc Tata Mc Graw Hill
Date of publication, distribution, etc 2006
300 ## - PHYSICAL DESCRIPTION
Extent XXXVI, 663p.(pbk)
Dimensions 22 cms.
942 ## - ADDED ENTRY ELEMENTS (KOHA)
Source of classification or shelving scheme Dewey Decimal Classification
Item type English Books
Classification part 005.756
Call number suffix ALA

No items available.


© Delhi Public Library
Hit Counter
free hit counter